000 00224 a2200097 4500
001 18965
100 _aUrry, S A
245 _aSolution of prob in strength of materials
260 _a
_bMc Graw Hill
_c
090 _c14053
_d14053
942 _aNUST-CAE
_cM
_c4507
999 _c254038
_d254038